000
00326nam a22001337a 4500
003
ASAB
005
20180827062621.0
008
160226t xxu||||| |||| 00| 0 eng d
040
_c
ASAB
100
_a
Muhammad nasir younis
_9
1582
245
_a
Th-Bs-Antibacterial activity of heliotropium
300
_a
000
942
_2
ddc
_c
BK
999
_c
480023
_d
480023